深水 (Record no. 41937)

000 -LEADER
fixed length control field 00487nam a22001937a 4500
003 - CONTROL NUMBER IDENTIFIER
control field MPLRDC
005 - DATE AND TIME OF LATEST TRANSACTION
control field 20220104143637.0
008 - FIXED-LENGTH DATA ELEMENTS--GENERAL INFORMATION
fixed length control field 210129b ||||| |||| 00| 0 eng d
020 ## - INTERNATIONAL STANDARD BOOK NUMBER
International Standard Book Number 957-812-587-9
082 ## - DEWEY DECIMAL CLASSIFICATION NUMBER
Classification number 889 LMJD v.540
100 ## - MAIN ENTRY--PERSONAL NAME
Personal name JAYNE ANN KRENTZ
245 ## - TITLE STATEMENT
Title 深水
Statement of responsibility, etc. 马伊萍 译
250 ## - EDITION STATEMENT
Edition statement 第一版
260 ## - PUBLICATION, DISTRIBUTION, ETC.
Place of publication, distribution, etc.
Name of publisher, distributor, etc. 林白出版社
Date of publication, distribution, etc. 1998
300 ## - PHYSICAL DESCRIPTION
Other physical details
490 ## - SERIES STATEMENT
Series statement 浪漫经典. 540
650 ## - SUBJECT ADDED ENTRY--TOPICAL TERM
Topical term or geographic name entry element 西洋小说之中文翻译
942 ## - ADDED ENTRY ELEMENTS (KOHA)
Koha item type Book
-- 889 LMJD v.540
Holdings
Withdrawn status Lost status Source of classification or shelving scheme Damaged status Not for loan Collection code Home library Current library Shelving location Date acquired Cost, normal purchase price Total Checkouts Full call number Barcode Date last seen Date last checked out Price effective from Koha item type Public note
            Malaysian Public Library, Research and Development Centre Malaysian Public Library, Research and Development Centre   10/12/2007 3.80   889 LMJD v.540 00042081 18/03/2021 21/07/2018 18/03/2021 Book mplrdc

© 2022. Malaysian Public Library, Research and Development Centre. All Right ReservedE-mailmplrdc@help.edu.my 

Powered by Koha